Tous les sites UNESCO d'Italie sur une carte - Statistiques

Statistiques générales
  • Ce quiz a été pris 130 fois
  • Le résultat moyen est 22 sur 61
Réponses sur la Carte
Les réponses sont colorées sur une échelle allant du rouge au vert en fonction du pourcentage des utilisateurs qui les ont devinées à leur premier essai. Vous pouvez retrouver ces pourcentages ci-dessous.
 
Statistiques - réponses
Réponse % Correct
Îles Eoliennes
80%
Centre historique de Rome
70%
Gênes, les Strade Nuove et le système des palais des Rolli
70%
Venise et sa lagune
68%
Centre historique de Naples
63%
Mont Etna
55%
Piazza del Duomo à Pise
55%
Villas et jardins des Médicis en Toscane
55%
Palerme arabo-normande et les cathédrales de Cefalú et Monreale
53%
Portovenere, Cinque Terre et les îles (Palmaria, Tino et Tinetto)
53%
Syracuse et la nécropole rocheuse de Pantalica
53%
Centre historique de Florence
50%
Paysage viticole du Piémont : Langhe-Roero et Monferrato
50%
Tradition funéraire dans la Sardaigne préhistorique – Les domus de janas
50%
Ferrare, ville de la Renaissance, et son delta du Pô
48%
Sacri Monti du Piémont et de Lombardie
48%
Côte amalfitaine
45%
Forêts primaires et anciennes de hêtres d’Europe
45%
Les portiques de Bologne
45%
Zones archéologiques de Pompéi, Herculanum et Torre Annunziata
45%
Monuments paléochrétiens de Ravenne
43%
Zone archéologique d’Agrigente
43%
Centre historique de Sienne
40%
Les Dolomites
40%
Résidences des Savoie
40%
Via Appia. Regina Viarum
38%
Ville de Vérone
38%
Assise, la Basilique de San Francesco et autres sites franciscains
33%
Nécropoles étrusques de Cerveteri et de Tarquinia
33%
Ville de Vicence et les villas de Palladio en Vénétie
33%
Centre historique de San Gimignano
30%
Chemin de fer rhétique dans les paysages de l’Albula et de la Bernina
30%
Cathédrale, Torre Civica et Piazza Grande, Modène
28%
Les trulli d'Alberobello
28%
Les Sassi et le parc des églises rupestres de Matera
28%
Sites palafittiques préhistoriques autour des Alpes
28%
Su Nuraxi de Barumini
28%
Villa d'Este, Tivoli
28%
Castel del Monte
25%
Centre historique d’Urbino
25%
Karst et grottes évaporitiques de l’Apennin du Nord
25%
L'église et le couvent dominicain de Santa Maria delle Grazie avec « La Cène » de Léonard de Vinci
25%
Les Collines du Prosecco de Conegliano et Valdobbiadene
25%
Ivrée, cité industrielle du XXe siècle
23%
Ouvrages de défense vénitiens du XVIe au XVIIe siècle : Stato da Terra - Stato da Mar occidental
23%
Palais royal du XVIIIe siècle de Caserte avec le parc, l’aqueduc de Vanvitelli et l’ensemble de San Leucio
23%
Vallée de l'Orcia
23%
Villa Adriana (Tivoli)
23%
Villes du baroque tardif de la vallée de Noto
23%
Les Lombards en Italie, lieux de pouvoir
20%
Mantoue et Sabbioneta
20%
Zone archéologique et la basilique patriarcale d’Aquilée
20%
Cycles de fresques du XIVe siècle à Padoue
18%
Jardin botanique (Orto botanico), Padoue
18%
Monte San Giorgio
18%
Centre historique de la ville de Pienza
15%
Crespi d'Adda
15%
Les grandes villes d’eaux d’Europe
15%
Parc national du Cilento et du Vallo Diano, avec les sites archéologiques de Paestum et Velia et la Chartreuse de Padula
13%
Villa romaine du Casale
13%
Art rupestre du Valcamonica
10%
Aucun quiz correspondant
Distribution des résultats
% des personnes avec chaque résultat
Percentile par nombre de réponses
Votre historique - résultats
Vous n’avez pas pris ce quiz